Statistics for NBA Stars Playoff Winning Percentage

Click here to take the quiz!

General Stats

  • This quiz has been taken 19 times
  • The average score is 33 of 40

Answer Stats

Playoff AppearancesPos.StatusWin %Players% Correct
2015-2019PGActive75.0%Kyrie Irving
100%
1997-2004, 2006-2012SGRetired61.4%Kobe Bryant
100%
1986-2004PFRetired50.8%Karl Malone
100%
1977, 1979-1985, 1987-1989, 1991CRetired52.1%Moses Malone
100%
1985-1993, 1995-1998SGRetired66.5%Michael Jordan
100%
2006-2018SFActive66.4%Lebron James
100%
1990-1991,1993-1996, 1998-2003CRetired56.9%David Robinson
100%
2013-2019PGActive69.3%Stephen Curry
100%
1970-1974,1977-1989CRetired65.0%Kareem Abdul-Jabbar
100%
1994-2008, 2010-2011CRetired59.7%Shaquille O'Neal
100%
1998-1999, 2001-2016PFRetired62.5%Tim Duncan
100%
1985-1991, 1993-1999, 2002CRetired52.4%Hakeem Olajuwon
94%
1977-1987SFRetired59.6%Julius Erving
94%
1980-1992SFRetired60.4%Larry Bird
94%
1961-1970, 1972-1974PGRetired59.1%Jerry West
94%
2004-2007, 2009-2014, 2016-2018SGRetired60.5%Dwyane Wade
94%
1988-2003SFRetired65.4%Scottie Pippen
94%
1984-1992PGRetired63.1%Isiah Thomas
94%
1985-1991, 1993-1999PFRetired50.4%Charles Barkley
88%
1987-1992, 1994-1998PFRetired68.6%Dennis Rodman
88%
1980-1991, 1996PGRetired67.4%Magic Johnson
88%
1960-1962, 1964-1973CRetired57.4%Wilt Chamberlain
88%
2008-2009, 2011-2019PGActive43.4%Chris Paul
81%
2001-2012, 2014-2016PFRetired47.6%Dirk Nowitzki
81%
2010-2014, 2016-2019SFActive60.4%Kevin Durant
81%
1957-1969CRetired64.7%Bill Russell
75%
1999-2003, 2005, 2007-2008SGRetired42.3%Allen Iverson
69%
1963-1969, 1972-1977SFRetired62.7%John Havlicek
69%
2004-2013, 2018SFFA34.8%Carmelo Anthony
69%
2002-2005, 2008-2017SGRetired51.2%Paul Pierce
69%
1988-2000, 2002CRetired51.8%Patrick Ewing
69%
1984-1991, 1993SFRetired67.1%James Worthy
69%
1959-1970SFRetired56.8%Elgin Baylor
69%
2012-2017, 2019SFActive65.5%Kawhi Leonard
63%
1997-2004, 2008, 2010-2014PFRetired49.0%Kevin Garnett
56%
1962-1967, 1971-1974PGRetired55.7%Oscar Robertson
56%
1967, 1970-1973, 1975-1977, 1979-1980SFRetired52.7%Rick Barry
50%
1983-1984, 1986-1989, 1991, 1993, 1995, 1999SFRetired39.3%Dominique Wilkins
50%
1984-1998SGRetired51.0%Clyde Drexler
50%
1973-1983, 1985-1986SGRetired42.4%Geroge Gervin
31%

Score Distribution

Percentile by Number Answered

Percent of People with Each Score

Your Score History

You have not taken this quiz